The Ryrie study Bible : (Record no. 592)
[ view plain ]
| 000 -LEADER | |
|---|---|
| fixed length control field | 01500cam a2200361Ia 4500 |
| 001 - CONTROL NUMBER | |
| control field | 455787 |
| 003 - CONTROL NUMBER IDENTIFIER | |
| control field | GBCCL |
| 005 - DATE AND TIME OF LATEST TRANSACTION | |
| control field | 20241126110341.0 |
| 008 - FIXED-LENGTH DATA ELEMENTS--GENERAL INFORMATION | |
| fixed length control field | 021224t19781976iluaf 000 0 eng d |
| 010 ## - | |
| -- | 76020615 |
| 020 ## - INTERNATIONAL STANDARD BOOK NUMBER | |
| International Standard Book Number | 080247425X |
| Qualifying information | (cloth, red letter) |
| 020 ## - INTERNATIONAL STANDARD BOOK NUMBER | |
| International Standard Book Number | 9780802474254 |
| Qualifying information | (cloth, red letter) |
| 029 1# - | |
| -- | DEBSZ |
| -- | 417027524 |
| 035 ## - SYSTEM CONTROL NUMBER | |
| System control number | (OCoLC)ocm51273693 |
| 035 ## - SYSTEM CONTROL NUMBER | |
| System control number | (OCoLC)51273693 |
| Canceled/invalid control number | (OCoLC)731271664 |
| -- | (OCoLC)795372909 |
| 040 ## - CATALOGING SOURCE | |
| Original cataloging agency | SFR |
| Language of cataloging | eng |
| Transcribing agency | SFR |
| Modifying agency | BAKER |
| -- | OCLCG |
| -- | GGB |
| -- | TXBXL |
| -- | OCLCO |
| -- | OCLCQ |
| -- | OCLCF |
| -- | YDX |
| -- | OCLCQ |
| -- | LBB |
| 049 ## - | |
| -- | LBBA |
| -- | LBBC |
| 050 14 - | |
| -- | BS195.N35 |
| -- | 1978 |
| 082 04 - DEWEY DECIMAL CLASSIFICATION NUMBER | |
| Classification number | 220.5204 |
| Item number | RYR |
| 090 ## - LOCALLY ASSIGNED LC-TYPE CALL NUMBER (OCLC); LOCAL CALL NUMBER (RLIN) | |
| Classification number (OCLC) (R) ; Classification number, CALL (RLIN) (NR) | BS195.N35 |
| Local cutter number (OCLC) ; Book number/undivided call number, CALL (RLIN) | 1978 |
| 130 0# - | |
| -- | Bible. |
| -- | English. |
| -- | New American Standard. |
| -- | 1978. |
| -- | 12318 |
| 245 14 - TITLE STATEMENT | |
| Title | The Ryrie study Bible : |
| Remainder of title | New American standard translation : with introductions, annotations, outlines, marginal references, harmony of the Gospels, synopsis of Bible doctrine, index of scriptures, index to notes, concordance, maps, and timeline charts, and many other helps / |
| Statement of responsibility, etc. | Charles Caldwell Ryrie. |
| 260 ## - PUBLICATION, DISTRIBUTION, ETC. | |
| Place of publication, distribution, etc. | Chicago : |
| Name of publisher, distributor, etc. | Moody Press, |
| Date of publication, distribution, etc. | 1978, 1976. |
| 300 ## - PHYSICAL DESCRIPTION | |
| Extent | xii, 2100 pages, [8] leaves of plates : |
| Other physical details | illustrations ; |
| Dimensions | 24 cm |
| 336 ## - CONTENT TYPE | |
| Content type term | text |
| Content type code | txt |
| Source | rdacontent |
| 337 ## - MEDIA TYPE | |
| Media type term | unmediated |
| Media type code | n |
| Source | rdamedia |
| 338 ## - CARRIER TYPE | |
| Carrier type term | volume |
| Carrier type code | nc |
| Source | rdacarrier |
| 630 00 - SUBJECT ADDED ENTRY--UNIFORM TITLE | |
| Uniform title | Bible |
| Form subdivision | Reference editions. |
| 9 (RLIN) | 12319 |
| 630 07 - SUBJECT ADDED ENTRY--UNIFORM TITLE | |
| Uniform title | Bible. |
| Source of heading or term | fast |
| Authority record control number or standard number | (OCoLC)fst01356024 |
| 9 (RLIN) | 599 |
| 650 #4 - SUBJECT ADDED ENTRY--TOPICAL TERM | |
| Topical term or geographic name entry element | Bible. |
| 9 (RLIN) | 599 |
| 700 1# - ADDED ENTRY--PERSONAL NAME | |
| Personal name | Ryrie, Charles Caldwell, |
| Dates associated with a name | 1925- |
| 9 (RLIN) | 2424 |
| 942 ## - ADDED ENTRY ELEMENTS (KOHA) | |
| Source of classification or shelving scheme | Dewey Decimal Classification |
| Koha item type | Reference Books |
| Withdrawn status | Lost status | Source of classification or shelving scheme | Damaged status | Not for loan | Home library | Current Library | Shelving location | Date acquired | Total checkouts | Full call number | Barcode | Date last seen | Copy number | Price effective from | Koha item type |
|---|---|---|---|---|---|---|---|---|---|---|---|---|---|---|---|
| Dewey Decimal Classification | GRACE BIBLE COLLEGE | GRACE BIBLE COLLEGE | Bible | 2016-11-22 | 220.5204 RYR | 000252 | 2025-05-01 | c.1 | 2016-11-22 | Reference Books |